Statistiques concernant Top 15 des pays avec les décès de Covid-19 - 15 fév 2021

Cliquez ici pour prendre le quiz!

Statistiques générales

  • Ce quiz a été pris 23 fois
  • Le résultat moyen est 15 sur 24

Statistiques - réponses

pays% Correct
Etats-Unis
100%
Espagne
95%
France
95%
Mexique
95%
Italie
90%
Brésil
86%
Allemagne
81%
Inde
81%
Royaume-Uni
81%
Russie
81%
Argentine
71%
Portugal
71%
Belgique
67%
Afrique du Sud
62%
Colombie
57%
Pérou
52%
Iran
43%
Croatie
33%
Slovénie
29%
Hongrie
24%
Bosnie-Herzégovine
19%
Bulgarie
19%
Tchèquie
19%
Macédoine du Nord
10%

Distribution des résultats

Percentile par nombre de réponses

% des personnes avec chaque résultat

Votre développement - résultats

Vous n’avez pas pris ce quiz